Obra periodística / (Record no. 126278)

MARC details
000 -LEADER
campo de control de longitud fija 01090nam a22002657a 4500
003 - IDENTIFICADOR DE NÚMERO DE CONTROL
campo de control BJBSDDR
005 - FECHA Y HORA DE LA ÚLTIMA TRANSACCIÓN
campo de control 20260120122426.0
007 - CAMPO FIJO DE DESCRIPCIÓN FÍSICA--INFORMACIÓN GENERAL
campo de control de longitud fija ta
008 - DATOS DE LONGITUD FIJA--INFORMACIÓN GENERAL
campo de control de longitud fija 260120m19819999ck ||||| |||| 00| 0 spa d
040 ## - FUENTE DE CATALOGACIÓN
Lengua de catalogación spa
Centro/agencia transcriptor BJBSDDR
041 ## - CÓDIGO DE IDIOMA
Código de lengua del texto/banda sonora o título independiente spa
050 14 - SIGNATURA TOPOGRÁFICA DE LA BIBLIOTECA DEL CONGRESO
Número de clasificación PQ 8180.17
Número de ítem G216o 1981
100 1# - ENTRADA PRINCIPAL--NOMBRE DE PERSONA
Nombre de persona García Márquez, Gabriel,
Fechas asociadas al nombre 1927-2014
9 (RLIN) 865
245 10 - MENCIÓN DEL TÍTULO
Título Obra periodística /
Mención de responsabilidad, etc. Gabriel García Márquez ; Recopilación y prólogo de Jacques Gilard.
260 ## - PUBLICACIÓN, DISTRIBUCIÓN, ETC.
Lugar de publicación, distribución, etc. Bogotá, Colombia :
Nombre del editor, distribuidor, etc. Editorial La Oveja Negra,
Fecha de publicación, distribución, etc. 1981
300 ## - DESCRIPCIÓN FÍSICA
Extensión Volúmenes <1-6> ;
Dimensiones 20 cm
505 0# - NOTA DE CONTENIDO CON FORMATO
Información miscelánea Volumen 1 : Textos Costeños-1 <br/>Volumen 2 : Textos Costeños-2 <br/>Volumen 3 : Entre cachacos-1 <br/>Volumen 4 : Entre cachacos-2 <br/>Volumen 5 : De Europa y América-1 <br/>Volumen 6 : De Europa y América-2 <br/><br/><br/>
586 ## - NOTA DE PREMIOS
Nota de premios Nobel 82
600 14 - PUNTO DE ACCESO ADICIONAL DE MATERIA--NOMBRE DE PERSONA
Nombre de persona García Márquez, Gabriel,
Fechas asociadas al nombre 1927-2014
Subdivisión general Obra periodística
9 (RLIN) 46773
650 #4 - PUNTO DE ACCESO ADICIONAL DE MATERIA--TÉRMINO DE MATERIA
Término de materia o nombre geográfico como elemento de entrada Literatura colombiana
Subdivisión de forma Colecciones de escritos
9 (RLIN) 46774
650 #4 - PUNTO DE ACCESO ADICIONAL DE MATERIA--TÉRMINO DE MATERIA
Término de materia o nombre geográfico como elemento de entrada Periodismo
Subdivisión geográfica Colombia.
9 (RLIN) 3124
700 1# - ENTRADA AGREGADA--NOMBRE PERSONAL
Nombre de persona Gilard, Jacques,
Fechas asociadas al nombre 1943-2008
9 (RLIN) 39330
942 ## - ELEMENTOS DE ENTRADA SECUNDARIOS (KOHA)
Fuente del sistema de clasificación o colocación Clasificación de Library of Congress
Tipo de ítem Koha Libro
946 ## - PROCESAMIENTO DE INFORMACIÓN LOCAL (OCLC)
Iniciales del agente catalogador cmc
Holdings
Estatus retirado Estado de pérdida Fuente del sistema de clasificación o colocación Estado de daño No para préstamo Colección Biblioteca de origen Biblioteca actual Ubicación en estantería Fecha de adquisición Serial enumeration / chronology Signatura topográfica completa Código de barras Visto por última vez Copia número Tipo de ítem Koha
    Clasificación de Library of Congress     Humanidades Biblioteca Juan Bosch Biblioteca Juan Bosch Humanidades (4to. Piso) 20/01/2026 v.1 PQ 8180.17 G216o 1981 00000197048 20/01/2026 1 Libro
    Clasificación de Library of Congress     Humanidades Biblioteca Juan Bosch Biblioteca Juan Bosch Humanidades (4to. Piso) 20/01/2026 v.2 PQ 8180.17 G216o 1981 00000197049 20/01/2026 1 Libro
    Clasificación de Library of Congress     Humanidades Biblioteca Juan Bosch Biblioteca Juan Bosch Humanidades (4to. Piso) 20/01/2026 v.3 PQ 8180.17 G216o 1981 00000197050 20/01/2026 1 Libro
    Clasificación de Library of Congress     Humanidades Biblioteca Juan Bosch Biblioteca Juan Bosch Humanidades (4to. Piso) 20/01/2026 v.4 PQ 8180.17 G216o 1981 00000197051 20/01/2026 1 Libro
    Clasificación de Library of Congress     Humanidades Biblioteca Juan Bosch Biblioteca Juan Bosch Humanidades (4to. Piso) 20/01/2026 v.5 PQ 8180.17 G216o 1981 00000197052 20/01/2026 1 Libro
    Clasificación de Library of Congress     Humanidades Biblioteca Juan Bosch Biblioteca Juan Bosch Humanidades (4to. Piso) 20/01/2026 v.6 PQ 8180.17 G216o 1981 00000197053 20/01/2026 1 Libro